000 00332nam a2200145Ia 4500
008 230917s9999||||xx |||||||||||||| ||und||
020 _cRS195
040 _e24807
_aMAIN
041 _aEnglish
082 _a547.2 C237M
100 _aCarruthers, W
245 0 _aModern Methods of organic synthesis
260 _c1996
942 _cBK
999 _c96140
_d96140